Premier League Captains Quiz Stats

 Plays Quiz Updated Aug 19, 2019

Score 0/20 Timer 06:00
31 Plays Today
Club Player % Correct
LiverpoolJordan Henderson
89.3%
ChelseaCesar Azpilicueta
88.7%
Manchester UnitedDavid de Gea
83.3%
Manchester CityDavid Silva
76.1%
ArsenalGranit Xhaka
75.8%
EvertonSeamus Coleman
67.3%
Tottenham HotspurHugo Lloris
63.6%
West Ham UnitedMark Noble
61.6%
Aston VillaJack Grealish
61.6%
WatfordTroy Deeney
56.9%
Club Player % Correct
Leicester CityKasper Schmeichel
54.8%
BurnleyBen Mee
47.4%
NewcastleJamaal Lascelles
40.8%
SouthamptonJames Ward-Prowse
40.5%
Wolverhampton WanderersConor Coady
33.2%
Crystal PalaceLuka Milivojević
31%
Sheffield UnitedBilly Sharp
30%
BournemouthSteve Cook
28.7%
Brighton & Hove AlbionLewis Dunk
26.1%
Norwich CityGrant Hanley
18.8%

You're not logged in!

Compare scores with friends on all Sporcle quizzes.
OR
Log In

Sporcle TV

Today on Sporcle TV


Watch our educational content, quiz creation guides, and fun videos on Sporcle TV.

Show Comments

Extras

Top Quizzes Today


Score Distribution

Your Account Isn't Verified!

In order to create a playlist on Sporcle, you need to verify the email address you used during registration. Go to your Sporcle Settings to finish the process.

Report this User

Report this user for behavior that violates our Community Guidelines.

Details: